000 00891nas a2200277 4500
001 BR8601787
003 BR-BrBNA
005 20231205090426.0
007 ta
008 230509b bl.|||p| |||| 00| 00por d
040 _aBR-BrBNA
_bpor
_cBiblioteca Nacional de Agricultura
041 _a(Pt)
072 _aF06; F01
100 1 _aSilva, M.J. da
100 1 _aHolanda, A.F. de
100 1 _aSaunders, L.C.U.
100 1 _aCavalcante, F.B.
245 1 _aFatores que afetam a produtividade do algodoeiro sob regime de irrigacao por sulcos
246 1 _a[Factors effecting cotton productiveness under furrow irrigation]
650 _aALGODAO
650 _aIRRIGACAO POR SULCO
650 _aDENSIDADE DE PLANTIO
773 0 _tCiencia Agronomica (Brazil)
_xISSN 0045-6888
_g(Jun 1985), v. 16(1) p. 1-8
_wBR8601787
909 _a202311
_bLúcia
_c55
_dLúcia Elande
942 _2AGRIS
_n0
_cANA
999 _c118328
_d118328